000 00976nam a22003137a 4500
003 CHAP
005 20220329140911.0
008 971013s1987 r 00010 d
010 _a59508
011 _a60480
035 _a64642
040 _cCHAP
082 _a428
_bC6
100 0 0 _aConnolly Cross, David.
_927226
245 _aRoads to reading
_b: about biology
260 _aMéxico, D. F. :
_bPanorama,
_c1987
300 _a71 p.
_b: ilus.
590 _aBATCH-UPD
_b10
_c20130110
_lUCH01
_h0347
590 _aBATCH-UPD
_b10
_c20130110
_lUCH01
_h1758
590 _aBATCH-UPD
_b10
_c20130410
_lUCH01
_h0021
590 _aBATCH-UPD
_b10
_c20130914
_lUCH01
_h0634
590 _aCONVERSION
_b10
_c20130109
_lUCH01
_h1332
650 1 4 _aBiología.
_912773
650 1 4 _aInglés
_xEstudio y enseñanza.
_958340
700 0 _aMolina Hérnandez, Isaura.
_977363
901 _aBK
942 _cLIBRO
949 _a428 C6
_bBC
_cLIBRO
_d33724000433728
_eLIBRO
_gI. c/e
_h78686
_i64642
_si
_t86.00
999 _c59508
_d59508